Biblioteca

La libertad religiosa en las constituciones de los estados (Registro nro. 69688)

Detalles MARC
000 -LÍDER
Campo fijo de descripción fija 01545nab a2200217 i 4500
001 - NÚMERO DE CONTROL
Campo de control 768714001
003 - IDENTIFICADOR DEL NÚMERO DE CONTROL
Campo de control CO-MdFUSB
005 - FECHA Y HORA DE LA ULTIMA TRANSACCIÓN
control field 20240514104637.0
008 - ELEMENTOS DE LONGITUD FIJA -- INFORMACIÓN GENERAL
Campo fijo de descripción fija -- Información general 240511t1970 sp ||||| |||| 00| 0 spa d
040 ## - FUENTE DE CATALOGACIÓN
Idioma de catalogación spa
Agencia que realiza la transcripción CO-MdFUSB
Agencia que realiza la modificación CO-MdFUSB
041 ## - CÓDIGO DE IDIOMA
Código de idioma para texto/pista de sonido o título separado spa
100 ## - ASIENTO PRINCIPAL--NOMBRE PERSONAL
Nombre personal Corral, Carlos,
Término relacionador autor
245 #3 - TÍTULO
Título La libertad religiosa en las constituciones de los estados
Mención de responsabilidad / Carlos Corral
520 ## - NOTA DE RESUMEN, ETC.
Nota de sumario, etc. En la mayoría de las Constituciones se reconoce hoy el derecho a la libertad religiosa. Todos los Estados, al menos cuando ingresan como miembros de la O.N.U., se comprometen a respetar las libertades fundamentales, proclamadas en la Declaración Universal de los Derechos del hombre.<br/>Desde el punto de vista de la libertad religiosa podrían clasificarse los regímenes estatales en dos: los que la observan en la realidad y los que de hecho la niegan.<br/>El autor de este artículo expresa que pueden clasificarse los diversos sistemas de relaciones Iglesia-Estado de la siguiente manera:<br/>1. Sistema de reconocimiento <br/>2. Sistema de separación de Iglesia y Estado con auténtica libertad religiosa. <br/>3. Sistema de separación de Iglesia y Estado fácticamente hostil.<br/>
650 #7 - ASIENTO SECUNDARIO DE MATERIA - TERMINO TEMÁTICO
Término temático o nombre geográfico como elemento de entrada Iglesia y Estado
9 (RLIN) 288
650 #7 - ASIENTO SECUNDARIO DE MATERIA - TERMINO TEMÁTICO
Término temático o nombre geográfico como elemento de entrada Religión y política
9 (RLIN) 286
653 ## - TÉRMINO DE INDIZACIÓN - NO CONTROLADO
Término no controlado Derecho Canónico
773 0# - ASIENTO DE ITEM FUENTE
Biblionumber 49450
Itemnumber 82620
Otro identificador del ítem R2547
Título Revista internacional de teología Concilium
Número de control del registro (CO-MdFUSB)8
Número Internacional Normalizado para Publicaciones Seriadas (ISSN) 0210-1041
Parte(s) relacionada(s) / Volumen., número. (mes año), páginas Número 58, (septiembre - octubre, 1970), páginas: 271 - 276
Enumeración y primera página página: 271
942 ## - TIPO DE MATERIAL (KOHA)
Tipo de Item KOHA Artículos de Revista
945 ## - INFORMACIÓN LOCAL DEL REGISTRO
Catalogador Catherine Arias Alvarez - Practicante SENA

No hay ítems disponibles.

Biblioteca FUSBC | Teléfono: (57+4) 349 88 10 Ext. 141| WhatsApp (+57) 3005338115 
E-mail: biblioteca@unisbc.edu.co | Calle 76 87-14 Robledo Palenque, Medellín, Colombia

Con tecnología Koha